Consumer behaviour (Record no. 6914)

MARC details
000 -LEADER
fixed length control field 00819 a2200205 4500
005 - DATE AND TIME OF LATEST TRANSACTION
control field 20080912160345.0
008 - FIXED-LENGTH DATA ELEMENTS--GENERAL INFORMATION
fixed length control field 080912t xxu||||| |||| 00| 0 eng d
010 ## - LIBRARY OF CONGRESS CONTROL NUMBER
LC control number ENG-87765
020 ## - INTERNATIONAL STANDARD BOOK NUMBER
Terms of availability 150.00
035 ## - SYSTEM CONTROL NUMBER
System control number EN-71298
037 ## - SOURCE OF ACQUISITION
Source of stock number/acquisition D.B.Act / Pub
082 ## - DEWEY DECIMAL CLASSIFICATION NUMBER
Classification number 658.8342
100 ## - MAIN ENTRY--PERSONAL NAME
Personal name Sontakki, C. N.
245 ## - TITLE STATEMENT
Title Consumer behaviour
Statement of responsibility, etc by C. N. Sontakki
260 ## - PUBLICATION, DISTRIBUTION, ETC. (IMPRINT)
Place of publication, distribution, etc Mumbai
Name of publisher, distributor, etc Himalaya Publishing House
Date of publication, distribution, etc 2006
270 ## - ADDRESS
Address "Ramdoot", Dr. Bhalerao Marg, (Kelewadi), Girgaon
City Mumbai
Postal code 400 004
Telephone number 022-23860170, 022-23863863
Electronic mail address himpub@vsnl.com
300 ## - PHYSICAL DESCRIPTION
Extent 315 p.
Dimensions 24 cm. (Pbk)
942 ## - ADDED ENTRY ELEMENTS (KOHA)
Institution code [OBSOLETE] dpl
Koha item type English Books
Call number prefix 658.8342 / SON
Source of classification or shelving scheme Dewey Decimal Classification
Classification part 658.8342
Call number suffix SON
Holdings
Withdrawn status Lost status Damaged status Not for loan Collection code Home library Current library Date acquired Cost, normal purchase price Total Checkouts Full call number Barcode Date last seen Copy number Uniform Resource Identifier Cost, replacement price Price effective from Koha item type
      Not For Loan Non-fiction D.B.Act.Division D.B.Act.Division 12/09/2008 150.00   658.8342 SON EN-71298 15/09/2008 1 7422 150.00 15/09/2008 English Books

© Delhi Public Library
Hit Counter
free hit counter